Allies Of Hezbollah - Statistics

General Stats
  • This quiz has been taken 171 times
  • The average score is 5 of 6
Answer Stats
Country % Correct
Iran
99%
Syria
97%
Iraq
92%
Russia
81%
Lebanon
77%
North Korea
52%
No matching quizzes found
Score Distribution
Percent of People with Each Score
Percentile by Number Answered
Your Score History
You have not taken this quiz